Madras Act No. X of 1950 (Record no. 488581)

000 -LEADER
fixed length control field 00286cam a22001097a 4500
008 - FIXED-LENGTH DATA ELEMENTS--GENERAL INFORMATION
fixed length control field 180718b1950 xxu||||| |||| 00| 0 eng d
082 ## - DEWEY DECIMAL CLASSIFICATION NUMBER
Classification number B71103x5452 M267
100 ## - MAIN ENTRY--PERSONAL NAME
Personal name Madras. Legal Department
245 ## - TITLE STATEMENT
Title Madras Act No. X of 1950
260 ## - PUBLICATION, DISTRIBUTION, ETC.
Place of publication, distribution, etc. Madras
Name of publisher, distributor, etc. The author
Date of publication, distribution, etc. 1950
300 ## - PHYSICAL DESCRIPTION
Extent 80p.
Holdings
Withdrawn status Lost status Damaged status Not for loan Permanent Location Current Location Date acquired Full call number Barcode Date last seen Price effective from Koha item type
        Indian Institute of Public Administration Indian Institute of Public Administration 2018-08-04 B71103x5452 M267 GG15752 2018-08-04 2018-08-04 GG

Powered by Koha